| 000 | 00482nam a22001697a 4500 | ||
|---|---|---|---|
| 003 | NUST - PNEC | ||
| 005 | 20170116180900.0 | ||
| 008 | 150901b xxu||||| |||| 00| 0 eng d | ||
| 020 | _a- | ||
| 040 | _cLIBRARY | ||
| 082 | _a604.24 FRE | ||
| 100 |
_96225 _aFrench, Thomas E. |
||
| 245 |
_aGraphic science : engineering drawing descriptive geometry graphical solutions _cThomas E. French |
||
| 260 |
_aNew York: _c1958 |
||
| 650 |
_96228 _aMechanical drawing _xME |
||
| 942 |
_2ddc _cBK |
||
| 999 |
_c64920 _d64920 |
||